| 000 | 00431cam a2200169ua 4500 | ||
|---|---|---|---|
| 001 | 5330 | ||
| 008 | 120903n ii |||gr||||Z||||||eng | ||
| 040 | _cMAIN | ||
| 082 | _a820.954 | ||
| 100 |
_aMitra, Sarojmohan, _eAuthor. |
||
| 245 | 1 | 1 |
_aManik Bandyopadhyay _cby Sarojmohan Mitra |
| 250 | _a2nd. | ||
| 260 |
_aNew Delhi: _bSahitya Akademi, _c1982. |
||
| 300 |
_a91p: _c23cm. |
||
| 653 | _anlish literature in english | ||
| 942 | _cBK | ||
| 999 |
_c4511 _d4511 |
||